Statystyki dla Najdłuższe rzeki świata na mapie

Kliknij tutaj aby rozwiązać quiz!

Ogólne statystyki

  • Ten quiz został rozwiązany 2 306 razy
  • Średni wynik to 10 z 15

Odpowiedzi na mapie

Odpowiedzi skodowane kolorowo w zielono-czerwonej skali na mapie do tego quizu, zgodnie z poniższymi procentami.
 

Statystyki odpowiedzi

rzeka% Poprawnych
Amazonka
97%
Nil
97%
Missisipi
84%
Jangcy
79%
Kongo
78%
Niger
66%
Huang He
64%
Missouri
62%
Lena
61%
Ob
61%
Mekong
51%
Amur
41%
Parana
39%
Jenisej​
38%
Mackenzie
34%

Rozkład punktacji

Percentyl według liczby udzielonych odpowiedzi

Procent ludzi z każdym wynikiem

Twoja historia wyników

Nie rozwiązałeś tego quizu